|
|
|
|
| LEADER |
00000nam0a2200000 4500 |
| 001 |
261510 |
| 005 |
20231031221645.0 |
| 010 |
|
|
|a 5726000366
|
| 035 |
|
|
|a (RuTPU)RU\TPU\book\284491
|
| 090 |
|
|
|a 261510
|
| 100 |
|
|
|a 20140523d1988 km y0rusy50 ca
|
| 101 |
0 |
|
|a rus
|
| 102 |
|
|
|a RU
|
| 105 |
|
|
|a y z 000zy
|
| 200 |
1 |
|
|a Рассмотрение споров о праве на жилой дом
|f В. М. Шерстюк
|g под ред. М. А. Шапкина
|
| 210 |
|
|
|a Москва
|c Юридическая литература
|d 1988
|
| 215 |
|
|
|a 128 с.
|
| 225 |
1 |
|
|a Библиотечка народного судьи
|
| 333 |
|
|
|a Исключено из фонда НТБ ТПУ
|
| 700 |
|
1 |
|a Шерстюк
|b В. М.
|g Владимир Михайлович
|
| 702 |
|
1 |
|a Шапкин
|b М. А.
|4 340
|
| 801 |
|
1 |
|a RU
|b 63413507
|c 20140523
|
| 801 |
|
2 |
|a RU
|b 63413507
|c 20220314
|g RCR
|
| 942 |
|
|
|c BK
|